000 00288nam a2200097 a 4500
005 20200930070445.0
008 110906s1811 000 spa d
245 0 _aColumbus; or the discovery of america, as related by a father to his children.
260 _aLondon,
_c1811.
999 _c33196
_d33196
040 _aDO-SdBNP